Pokemon names without vowels - Statistics

General Stats
  • This quiz has been taken 70 times
  • The average score is 17 of 30
Answer Stats
Hint Answer % Correct
Bdf Bidoof
88%
Sttlnd Stoutland
88%
Frrtrss Forretress
82%
Mmky Mimikyu
82%
Brlm Breloom
81%
Tddrs Teddiursa
77%
Frfr Furfrou
74%
Pchyn Poochyena
74%
Nbt Noibat
70%
Thvl Thievul
68%
Xrktr Xurkitree
67%
sprr Espurr
65%
Lx Luxio
65%
Cttn Cottonee
63%
Rgc Regice
61%
xw Axew
58%
v Eevee
58%
Ggt Gogoat
58%
Zr Zorua
56%
Wl Wooloo
47%
Gdr Goodra
44%
Ccn Cacnea
40%
Rl Riolu
39%
mbr Emboar
37%
x Uxie
35%
Gll Glalie
33%
Slss Solosis
33%
Mrn Mareanie
32%
nt Entei
23%
rcr Oricorio
12%
No matching quizzes found
Score Distribution
Percent of People with Each Score
Percentile by Number Answered
Your Score History
You have not taken this quiz